02328cam a2200253 a 4500020003900000020003600039020003800075020003500113041000800148082001500156100002700171245002600198260005600224300002700280505147600307650001901783650001301802650001301815700002701828700002401855856005901879856006801938856006802006 a9780520249134 (hdbk. : alk. paper) a0520249135 (hdbk. : alk. paper) a9780520249141 (pbk. : alk. paper) a0520249143 (pbk. : alk. paper) aENG00a294.5bHAW aHawley , John Stratton04aThe life of Hinduism  aBerkeley :bUniversity of California Press,cc2006. axiii, 324 p. :bill. ;0 aThe experience : approaching God / Stephen P. Huyler -- The Deity : the image of God / Diana L. Eck -- The miraculous : the birth of a shrine / Shrivatsa Goswami and Margaret H. Case -- Marriage : women in India / Doranne Jacobson -- Death beyond death : the ochre robe / Agehananda Bharati -- Divali : the festival of lights / Om Lata Bahadur -- Holi : the feast of love / McKim Marriott -- An open-air Ramayana : Ramlila, the audience experience / Linda Hess -- A Ramayana on air : "all in the (Raghu) family" : a video epic in cultural context / Philip Lutgendorf -- Possession by Durga : the Mother who possesses / Kathleen M. Erndl -- Anandamayi Ma : God came as a woman / Lisa Lassell Hallstrom -- Radhasoami : the healing offer / Sudhir Kakar -- A dalit poet-saint : Ravidas / John Stratton Hawley, with Mark Juergensmeyer -- A Brahmin woman : revenge herself / Lalitambika Antarjanam -- Hinduism in Pittsburgh : creating the South Indian "Hindu" experience in the United States / Vasudha Narayanan -- A diasporic Hindu creed : some basic features of Hinduism / Sitansu S. Chakravarti -- Militant Hinduism : Ayodhya and the momentum of Hindu nationalism / John Stratton Hawley -- Tolerant Hinduism : shared ritual spaces : Hindus and Muslims at the Shrine of Shahul Hamid / Vasudha Narayanan -- Hinduism for Hindus : taking back Hindu studies / Shrinivas Tilak -- Hinduism with others : interlogue / Laurie L. Patton and Chakravarthi Ram-Prasad, with Kala Acharya. 0aReligious life 0aHinduism 0aHinduism1 aHawley, John Stratton,1 aNarayanan, Vasudha.41uhttp://www.loc.gov/catdir/toc/ecip0618/2006024692.html42uhttp://www.loc.gov/catdir/enhancements/fy0702/2006024692-d.html42uhttp://www.loc.gov/catdir/enhancements/fy0735/2006024692-b.html